000 00650nam a2200205Ii 4500
003 JO-AjNU
008 230605s9999||||xx |||||||||||||| ||und||
017 _a2006/9/2665
040 _aJO-AjNU
_bara
_erda
_cJO-AjNU
041 _aara
050 1 4 _aPQ3367.A15 2007
100 3 _aبقلم تولستوي؛ ترجمة عقلة حداد,
_eauthor
_914956
245 0 0 _aالكلمات الثلاثة وقصص أخرى
264 3 1 _aعمان: د.ن، 2007
300 _a114ص
336 _atext
_btxt
_2rdacontent
337 _aunmediated
_bn
_2rdamedia
338 _avolume
_bnc
_2rdacarrier
650 4 _aالقصة الروسية - القرن 19
_914957
999 _aA4112
_c7680
_d7680